English Soccer FA Cup winners - Statistics

General Stats
  • This quiz has been taken 1,129 times
  • The average score is 13 of 15
Answer Stats
Hint Answer % Correct
2014 Arsenal
98%
2005 Arsenal
98%
2003 Arsenal
98%
2002 Arsenal
98%
2012 Chelsea
96%
2010 Chelsea
96%
2009 Chelsea
96%
2007 Chelsea
96%
2000 Chelsea
96%
2006 Liverpool
94%
2001 Liverpool
94%
2004 Manchester United
92%
2011 Manchester City
88%
2008 Portsmouth
47%
2013 Wigan Athletic
47%
No matching quizzes found
Score Distribution
Percent of People with Each Score
Percentile by Number Answered
Your Score History
You have not taken this quiz